International valuation standards 2003 on internet (Record no. 73267)

MARC details
000 -LEADER
fixed length control field 01049cam a2200193 4500
001 - CONTROL NUMBER
control field WB3931-31
008 - FIXED-LENGTH DATA ELEMENTS--GENERAL INFORMATION
fixed length control field 030821n2003 000 0 eng u
035 ## - SYSTEM CONTROL NUMBER
System control number (Sirsi) u123336
245 ## - TITLE STATEMENT
Title International valuation standards 2003 on internet
260 ## - PUBLICATION, DISTRIBUTION, ETC.
Date of publication, distribution, etc. 2003
490 ## - SERIES STATEMENT
Series statement IVSC News Release
520 ## - SUMMARY, ETC.
Summary, etc. The 2003 edition of the "International valuation standards" can now be freely viewed and downloaded from the International Valuation Standards Committee's (IVSC) website http://www.ivsc.org. This represents IVSC's commitment to ensure that all valuers from both developed and emerging countries have access to its standards. Steps taken by national valuation standards setters throughout the world towards adopting IVS provide evidence of a growing consensus on the need for common valuation methods. http://www.ivsc.org/news/NR030701.html.
590 ## - LOCAL NOTE (RLIN)
Local note WB
650 ## - SUBJECT ADDED ENTRY--TOPICAL TERM
Topical term or geographic name entry element INTERNATIONAL VALUATION STANDARDS
650 ## - SUBJECT ADDED ENTRY--TOPICAL TERM
Topical term or geographic name entry element VALUATION STANDARDS
650 ## - SUBJECT ADDED ENTRY--TOPICAL TERM
Topical term or geographic name entry element GLOSSARIES
690 ## - LOCAL SUBJECT ADDED ENTRY--TOPICAL TERM (OCLC, RLIN)
Topical term or geographic name as entry element PROPERTY-PROPERTY APPRAISAL AND VALUATION
942 ## - ADDED ENTRY ELEMENTS (KOHA)
Suppress in OPAC 0
Holdings
Withdrawn status Lost status Source of classification or shelving scheme Damaged status Not for loan Home library Current library Shelving location Date acquired Total Checkouts Full call number Barcode Date last seen Copy number Price effective from Koha item type
    Dewey Decimal Classification     London London News article 21/08/2003   WB3931-31 123336-1001 06/08/2019 1 06/08/2019 News article